LEADER 00835nam0-22003131i-450- 001 990003017260403321 005 20070525141450.0 035 $a000301726 035 $aFED01000301726 035 $a(Aleph)000301726FED01 035 $a000301726 100 $a20030910d1963----km-y0itay50------ba 101 0 $aeng 102 $aIT 200 1 $aBanking and Monetary Studies$fEdited by Deane Carson 210 $aHomewood (Ill.)$cRichard D. Irwin$d1963 215 $aXIV, 441 p.$d24 cm 610 0 $aMoneta e finanza 676 $a332.01 702 1$aCarson,$bDeane 801 0$aIT$bUNINA$gRICA$2UNIMARC 901 $aBK 912 $a990003017260403321 952 $aJ/2.11 CAR$b030881$fSES 952 $aXV M 807$b79190$fFGBC 959 $aSES 959 $aFGBC 996 $aBanking and Monetary Studies$9467542 997 $aUNINA LEADER 01036nam--2200349---450- 001 990002007580203316 005 20050907133522.0 035 $a000200758 035 $aUSA01000200758 035 $a(ALEPH)000200758USA01 035 $a000200758 100 $a20040914d1938----km-y0itay0103----ba 101 $afre 102 $aFR 105 $a||||||||001yy 200 1 $aBoreal ; La joie dans la nuit$eillustré de nombreux croquies et de cartes par l'auteur$fPaul-Emile Victor 210 $aParis$cGrasset$d1938 215 $a444 p.$din 16°, 17 cm 225 2 $a<> livre de poche 410 0$12001$a<> livre de poche 454 1$12001 461 1$1001-------$12001 700 1$aVICTOR,$bPaul-Emile$0197214 801 0$aIT$bsalbc$gISBD 912 $a990002007580203316 951 $aVI.4. Coll.13/ 272(II F D 1 285)$b13667 L.M.$cII F D 959 $aBK 969 $aUMA 979 $aSIAV1$b10$c20040914$lUSA01$h1348 979 $aCOPAT5$b90$c20050907$lUSA01$h1335 996 $aBoréal$9202131 997 $aUNISA